header

Engendering Rome (Record no. 11283)

MARC details
000 -LEADER
fixed length control field 01412nam a2200361 a 4500
082 04 - DEWEY DECIMAL CLASSIFICATION NUMBER
Classification number 873/.0109352042
100 1# - MAIN ENTRY--AUTHOR NAME
Personal name Keith, Alison.
245 10 - TITLE STATEMENT
Title Engendering Rome
260 ## - PUBLICATION, DISTRIBUTION, ETC. (IMPRINT)
Place of publication Cambridge [England] ;
-- New York :
Name of publisher Cambridge University Press,
Year of publication 2000.
300 ## - PHYSICAL DESCRIPTION
Number of Pages xii, 149 p.
490 1# - SERIES STATEMENT
Series statement Roman literature and its contexts
650 #0 - SUBJECT ADDED ENTRY--TOPICAL TERM
Topical Term Epic poetry, Latin
Topical Term Women and literature
Topical Term Sex role in literature.
Topical Term Women in literature.
856 40 - ELECTRONIC LOCATION AND ACCESS
Uniform Resource Identifier http://site.ebrary.com/lib/rucke/Doc?id=10014993

No items available.

© 2026 Rongo University
Contact us: librarian | system librarian | Rongo university